| 000 | 01676cam a22003374a 4500 | ||
|---|---|---|---|
| 001 | 5518629 | ||
| 003 | ARRUPE | ||
| 005 | 20131008113209.0 | ||
| 008 | 060109s2005 nyuaf b 001 0 eng | ||
| 010 | _a 2005032733 | ||
| 020 | _a0824523458 (alk. paper) | ||
| 035 | _a(OCoLC)ocm62408474 | ||
| 035 | _a(NNC)5518629 | ||
| 040 |
_aDLC _cDLC _dC#P _dBAKER _dYUS _dIDI _dOrLoB-B |
||
| 042 | _apcc | ||
| 050 | 0 | 0 |
_aBV5075 _b.M37 1994 |
| 100 | 1 |
_aMcGinn, Bernard, _d1937- _92253 |
|
| 245 | 1 | 4 |
_aThe harvest of mysticism in medieval Germany (1300-1500) / _cby Bernard McGinn. |
| 260 |
_aNew York : _bCrossroad Pub. Co., _cc2005. |
||
| 300 |
_axx, 738 p., 10 p. of plates : _bill. ; _c24 cm. |
||
| 490 | 1 |
_aThe presence of God ; _vv. 4 |
|
| 500 | _a"A Herder and Herder book." | ||
| 504 | _aIncludes bibliographical references (p. 671-713) and indexes. | ||
| 505 | 0 | 0 |
_g1. _tContemplata aliis tradere : mystical knowing in Albert the Great and Thomas Aquinas -- _g2. _tMysticism and heresy : the problem of the free spirit -- _g3. _tThe mysticism of the ground -- _g4. _tMeister Eckhart : mystical teacher and preacher -- _g5. _tHenry Suso's spiritual philosophy -- _g6. _tJohn Tauler the Lebmeister -- _g7. _tSpreading the message : the diffusion of mysticism in late medieval Germany -- _g8. _tThree treatises on the mystical life -- _g9. _tThe friends of God -- _g10. _tNicholas of Cusa on mystical theology. |
| 650 | 0 |
_aMysticism _zGermany _xHistory _yMiddle Ages, 600-1500. _92254 |
|
| 800 | 1 |
_aMcGinn, Bernard, _d1937- _tPresence of God ; _vv. 4. _92255 |
|
| 900 | _bTOC | ||
| 942 |
_2lcc _cMONOGRAPH |
||
| 948 | 1 |
_a20060315 _bc _crad1 _dMPS |
|
| 948 | 1 |
_a20060317 _bc _crch2 _dMPS |
|
| 999 |
_c118281 _d118281 |
||